| 000 | 00377nam a2200145Ia 4500 | ||
|---|---|---|---|
| 008 | 151015s9999 xx 000 0 und d | ||
| 020 | _a9.7900734043e+012 | ||
| 245 | _aSchaefer Richard T | ||
| 250 | _a_Socialogy matters | ||
| 260 | _a4th ed | ||
| 300 | _aUSA MCGRAW-HILL 2009 | ||
| 500 | _aincludes index | ||
| 650 | _a_sociology | ||
| 700 | _a^d20101208 03:50:44^okilerai | ||
| 999 |
_c234 _d234 |
||